Normal view
MARC view
Entry Personal Name
001 - CONTROL NUMBER
- control field: 1237956
003 - CONTROL NUMBER IDENTIFIER
- control field: OSt
005 - DATE AND TIME OF LATEST TRANSACTION
- control field: 20260430150608.0
008 - FIXED-LENGTH DATA ELEMENTS
- fixed length control field: 260430|| aca||aabn | a|a d
040 ## - CATALOGING SOURCE
- Original cataloging agency: OSt
- Transcribing agency: OSt
100 ## - HEADING--PERSONAL NAME
- Personal name: Dangi Kapil Au.; Singh Indrakant K. Gu.; Verma Anita Kamra Gu
670 ## - SOURCE DATA FOUND
- Source citation: Work cat.: (OSt)1850167: Dangi Kapil Au.; Singh Indrakant K. Gu.; Verma Anita Kamra Gu., Role of Nitrosative Stress in Targeting Autophagy Elucidating Signaling Pathways Induced by Combinatorial Therapy of Gambogic Acid-Carboplatin in Breast Cancer, 2024
